|
|
|
|
| LEADER |
00713nam a22001937a 4500 |
| 008 |
140430b xxu||||| |||| 00| 0 eng d |
| 999 |
|
|
|c 6284
|d 6284
|
| 020 |
|
|
|a 9788122603798
|
| 082 |
|
|
|a 894.13
|b MOH
|
| 100 |
|
|
|a മോഹനചന്ദ്രന്
|
| 240 |
|
|
|a Karimuth
|
| 245 |
|
|
|a കരിമുത്ത് /
|c മോഹനചന്ദ്രന്
|
| 250 |
|
|
|a 1st imp.
|
| 260 |
|
|
|a തൃശൂര് :
|b കറന്റ് ബുക്സ്,
|c 2004.
|
| 300 |
|
|
|a 278p.
|
| 650 |
|
|
|a Novel
|
| 700 |
|
|
|a Mohanachandran
|
| 942 |
|
|
|2 ddc
|c BK
|
| 952 |
|
|
|0 0
|1 0
|2 ddc
|4 0
|6 894_130000000000000_MOH
|7 0
|9 9084
|a MAIN
|b MAIN
|d 2014-04-30
|e Current Books, Thrissur
|g 130.00
|o 894.13 MOH
|p 9520
|r 2014-04-30
|t 1
|w 2014-04-30
|y BK
|